| 000 | 00701nam a2200193 i 4500 | ||
|---|---|---|---|
| 001 | 23470 | ||
| 003 | ES-MaACL | ||
| 005 | 20230906152857.0 | ||
| 007 | t| | ||
| 008 | 021210s1969 sp ||||1| spa d | ||
| 100 | 1 |
_aAllendoerfer, Carl B. _920021 |
|
| 245 | 1 | 0 |
_aFundamentos de algebra / _cCarl B. Allendoerfer ; traducción y adaptación, Trinidad Cuellar Catunla, Francisco Díaz de la Cruz, Santiago Gutiérrez Vázquez. |
| 260 |
_aMadrid : _bCastillo, _c[1969] |
||
| 300 |
_a480 p. : _bil. ; _c24 cm. |
||
| 700 | 1 |
_aCuellar Catunla, Trinidad. _941981 |
|
| 700 | 1 |
_aDíaz de la Cruz, Francisco. _944231 |
|
| 700 | 1 |
_aGutiérrez Vázquez, Santiago. _961234 |
|
| 852 |
_aES-MaACL _jC-37840 _bR.73008 |
||
| 999 |
_c23470 _d23470 |
||